Planning Act 2008 (Record no. 110416)
[ view plain ]
| 000 -LEADER | |
|---|---|
| fixed length control field | 01734cad a22002535a 4500 |
| 001 - CONTROL NUMBER | |
| control field | L149210 |
| 008 - FIXED-LENGTH DATA ELEMENTS--GENERAL INFORMATION | |
| fixed length control field | 100203s20100201xxk f 000 0 eng d |
| 020 ## - INTERNATIONAL STANDARD BOOK NUMBER | |
| International Standard Book Number | 9781409822158 |
| 035 ## - SYSTEM CONTROL NUMBER | |
| System control number | (Sirsi) u149210 |
| 041 0# - LANGUAGE CODE | |
| Language code of text/sound track or separate title | eng |
| 110 2# - MAIN ENTRY--CORPORATE NAME | |
| Corporate name or jurisdiction name as entry element | United Kingdom |
| Subordinate unit | Department for Communities and Local Government |
| 9 (RLIN) | 4939 |
| 245 00 - TITLE STATEMENT | |
| Title | Planning Act 2008 |
| Remainder of title | guidance for the examination of applications for development consent for nationally significant infrastructure projects |
| 260 ## - PUBLICATION, DISTRIBUTION, ETC. | |
| Place of publication, distribution, etc. | London |
| Name of publisher, distributor, etc. | DCLG |
| Date of publication, distribution, etc. | 2010 |
| 505 2# - FORMATTED CONTENTS NOTE | |
| Formatted contents note | Introduction -- Examination process - Who can take in examining the application -- How the application is examined -- Written representations -- Hearings -- Administration exercise and delegation of functions |
| 520 ## - SUMMARY, ETC. | |
| Summary, etc. | Guidance for examining authorities appointed by the Chair of the Infrastructure Planning Commission (IPC) when carrying out their function of examining applicaiton for development consent for nationally significant infrastructure projects (NSIPs). Promotes best practices to ensure consistent application of examination procedures. Read in conjunction with Planning Act 2008, Infrastructure (Examination Procedure) Rules 2010 and the Infrastructure Planning (interested Parties) Regulations 2010. |
| 590 ## - LOCAL NOTE (RLIN) | |
| Local note | KA NTK |
| 650 24 - SUBJECT ADDED ENTRY--TOPICAL TERM | |
| Topical term or geographic name entry element | PLANNING ACT 2008 |
| 650 24 - SUBJECT ADDED ENTRY--TOPICAL TERM | |
| Topical term or geographic name entry element | INFRASTRUCTURE (EXAMINATION PROCEDURE) RULES 2010 |
| 650 24 - SUBJECT ADDED ENTRY--TOPICAL TERM | |
| Topical term or geographic name entry element | INFRASTRUCTURE PLANNING (INTERESTED PARTIES) REGULATIONS 2010 |
| 651 #4 - SUBJECT ADDED ENTRY--GEOGRAPHIC NAME | |
| Geographic name | ENGLAND AND WALES |
| 690 ## - LOCAL SUBJECT ADDED ENTRY--TOPICAL TERM (OCLC, RLIN) | |
| Topical term or geographic name as entry element | ENVIRONMENTAL AND LAND CONSULTANCY-PLANNING AND DEVELOPMENT |
| 856 48 - ELECTRONIC LOCATION AND ACCESS | |
| Uniform Resource Identifier | <a href="https://www.communities.gov.uk/publications/planningandbuilding/guidanceexaminationprocedures">https://www.communities.gov.uk/publications/planningandbuilding/guidanceexaminationprocedures</a> |
| Public note | View this online document free of charge at www.communities.gov.uk |
| 942 ## - ADDED ENTRY ELEMENTS (KOHA) | |
| Suppress in OPAC | 0 |
| Withdrawn status | Lost status | Source of classification or shelving scheme | Damaged status | Not for loan | Home library | Current library | Shelving location | Date acquired | Total Checkouts | Full call number | Barcode | Date last seen | Copy number | Price effective from | Koha item type |
|---|---|---|---|---|---|---|---|---|---|---|---|---|---|---|---|
| Dewey Decimal Classification | Virtual | Virtual | Online | 03/02/2010 | ONLINE PUBLICATION | 149210-2001 | 06/08/2019 | 1 | 06/08/2019 | Book |